Visualizzazione normale
Vista MARC
- Brach Gerard
di Personal Name
Records bibliografici associati: 1
001 - CONTROL NUMBER
- control field: 43367
003 - CONTROL NUMBER IDENTIFIER
- control field: IT-RoPau
005 - DATE AND TIME OF LATEST TRANSACTION
- control field: 20151127105718.0
008 - FIXED-LENGTH DATA ELEMENTS
- fixed length control field: 151127|| aca||aabn | a|a d
040 ## - CATALOGING SOURCE
- Original cataloging agency: IT-RoPau
- Transcribing agency: IT-RoPau
100 ## - HEADING--PERSONAL NAME
- Personal name: Brach Gerard
- Relator term: (soggetto)
- Miscellaneous information: Codice Soggetto SPICS: 30938
670 ## - SOURCE DATA FOUND
- Source citation: Work cat.: (IT-RoPau)105786: Polanski Roman Codice regista SPICS: 1627 43365, PER FAVORE NON MORDERMI SUL COLLO PER FAVORE NON MORDERMI SUL COLLO (Rif. Codice opera principale : 29116)